000 00252nam a2200097Ia 4500
008 230508s2013 xx 000 0 und d
041 _aeng
100 _aSALUNKHE N.S.
245 _aMECHANICAL ENGINEERING MATERIALS
260 _bTECH-MAX PUBLICATION
_c2013
999 _c340805
_d340805